Top 10 Beer Consumers - Statistics

General Stats
  • This quiz has been taken 169 times
  • The average score is 6 of 10
Answer Stats
# Answer % Correct
2 Germany
98%
10 Poland
73%
4 Ireland
72%
3 Austria
70%
1 Czech Republic
66%
8 Belgium
65%
9 Australia
42%
5 Slovenia
37%
6 Estonia
32%
7 Luxembourg
23%
No matching quizzes found
Score Distribution
Percent of People with Each Score
Percentile by Number Answered
Your Score History
You have not taken this quiz